Oral Health Surveys Bacsic Methods / (Record no. 40099)

MARC details
000 -LEADER
fixed length control field 00615pam a2200217 a 4500
020 ## - INTERNATIONAL STANDARD BOOK NUMBER
Terms of availability 380.00 (Paper Binding)
040 ## - CATALOGING SOURCE
Original cataloging agency Dental College Lib
041 ## - LANGUAGE CODE
Language code of text/sound track or separate title eng
Language code of original
082 ## - DEWEY DECIMAL CLASSIFICATION NUMBER
Classification number 617.601
Item number WHO
100 ## - MAIN ENTRY--PERSONAL NAME
Personal name WHO, ..
245 ## - TITLE STATEMENT
Title Oral Health Surveys Bacsic Methods /
Statement of responsibility, etc. .
Medium Textual Documents
250 ## - EDITION STATEMENT
Edition statement 4th ed /
Remainder of edition statement .
260 ## - PUBLICATION, DISTRIBUTION, ETC.
Place of publication, distribution, etc. Geneva :
Name of publisher, distributor, etc. World Health Organization ,
Date of publication, distribution, etc. 1997.
300 ## - PHYSICAL DESCRIPTION
Extent 204 ;
Dimensions 24X17.
365 ## - TRADE PRICE
Price type code 380.00
653 ## - INDEX TERM--UNCONTROLLED
Uncontrolled term Community Dentistry
907 ## - LOCAL DATA ELEMENT G, LDG (RLIN)
a 1556
-- 1557
-- 1558
-- 1559
930 ## - EQUIVALENCE OR CROSS-REFERENCE-UNIFORM TITLE HEADING [LOCAL, CANADA]
Uniform title 696
Holdings
Withdrawn status Lost status Damaged status Not for loan Home library Current library Date acquired Cost, normal purchase price Total Checkouts Full call number Barcode Date last seen Date last checked out Copy number Price effective from Koha item type Total Renewals
        Dental College & Hospital, Pune Dental College & Hospital, Pune 01/01/1900 380.00 1 617.601 WHO DCP-1559 15/04/2026 13/04/2026 5 24/02/2023 Book  
        Dental College & Hospital, Pune Dental College & Hospital, Pune 01/01/1900 380.00 1 617.601 WHO DCP-1558 02/01/2026 31/12/2025 4 24/02/2023 Book  
        Dental College & Hospital, Pune Dental College & Hospital, Pune 01/01/1900 380.00 2 617.601 WHO DCP-1557 23/02/2024 05/02/2024 3 24/02/2023 Book  
        Dental College & Hospital, Pune Dental College & Hospital, Pune 01/01/1900 380.00   617.601 WHO DCP-1556 11/02/2026   2 24/02/2023 Book  
        Dental College & Hospital, Pune Dental College & Hospital, Pune 01/01/1900 380.00 1 617.601 WHO DCP-1555 16/04/2026 13/04/2026 1 24/02/2023 Book 1